000 00586nam a22001817a 4500
020 _qHard Cover.
082 _a004
100 _aMr. Muhammad Yousaf.
245 _aMOTIVATIN & TEAM WORK IN ORGNIZATON /
_cMr. Muhammad Yousaf.
260 _aIslamabad :
_bSEECS - NUST,
_c2006.
300 _a62 p. : ill. ;
_c30cm.
563 _aHB
650 _aComputer Science Engineering-Project Report.
_931419
700 _aMuhammad Yousaf.
_915771
856 _uhttp://10.250.8.41:8080/xmlui/handle/123456789/29677
942 _2ddc
_cPR
999 _c536411
_d536411